000 00491nam a2200205Ia 4500
003 OSt
005 20230608160336.0
008 210423s2013 xx 000 0 und d
020 _a9788185015552
040 _cAL
041 _aeng
082 _a511.5
_223
_bHARF
100 _aHARARY (Frank).
_995474
245 _aGraph theory.
260 _aNew Delhi
_bNarosa Publishing House
_c2013
300 _axi,286
_bPB
365 _b185
_cINR
906 _aGraph ; theory.
942 _2ddc
_cBK
999 _c161390
_d161390